000 00709nam a2200289Ia 4500
005 20260324131237.0
008 008 260324s9999 xx 000 0 eng d
020 _a9780429224539
037 _aEBOOK
040 _aCRL
040 _beng
040 _cCRL
041 _2eng
041 _aeng
084 _qCRL
100 _aAmer Ali Al-Rawas; Mattheus F.A. Goosen
_91184769
245 0 _aExpansive Soils
245 0 _bRecent Advances in Characterization and Treatment
260 _bTaylor and Francis
260 _c2006
365 _a
365 _b600
856 _uhttp://www.taylorfrancis.com/books/9780429224539
942 _cEBOOK
999 _c1781743
_d1781743